El Retaule dels Sants Màrtirs en Vilassar de Dalt / por Luis Soler y Fonrodona
Publicado:
San Jorge, núm. 88 (4t trimestre 1972), pàg 70 :
Materias:
Retaules -- Vilassar de Dalt
MARC
| LEADER | 00000nam a2200000Ia 4500 | ||
|---|---|---|---|
| 001 | |||
| 008 | 160829s9999 xx 000 0 cat d | ||
| 100 | |a Soler i Fonrodona, Lluís |9 40203 | ||
| 245 | |a El Retaule dels Sants Màrtirs en Vilassar de Dalt / por Luis Soler y Fonrodona | ||
| 260 | |a San Jorge, núm. 88 (4t trimestre 1972), pàg 70 | ||
| 650 | |a Retaules |x Vilassar de Dalt |9 41912 | ||
| 901 | |a Arxiu | ||
| 942 | |n 1 | ||
| 952 | |0 0 |1 0 |4 0 |7 1 |9 50546 |a Arxiu |b Arxiu |d 2016-12-01 |l 0 |r 2016-12-01 00:00:00 |w 2016-12-01 |y ARXIU | ||
| 999 | |c 54388 |d 54388 | ||